FAST AND FURIOUS ACTORS AND CHARACTERS (UP TO DATE WITH 8) - Statistics

General Stats
  • This quiz has been taken 183 times
  • The average score is 5 of 9
Answer Stats
Hint Answer % Correct
Vin Diesel Dominic Toretto
87%
Dwayne Johnson Luke Hobbs
87%
Jason Statham Deckard Shaw
75%
Michelle Rodriguez Letty Ortiz
59%
Kurt Russel Mr Nobody
53%
Ludacris Tej Parker
49%
Tyrese Gibson Roman Pearce
48%
Charlie Theron Cipher
36%
Kristopher Hivju Rhodes
10%
No matching quizzes found
Score Distribution
Percent of People with Each Score
Percentile by Number Answered
Your Score History
You have not taken this quiz